| 000 | 005320000a22001930004500 | ||
|---|---|---|---|
| 020 | _a84-8164-564-8 | ||
| 041 | 0 | _aSPA | |
| 082 | 0 | 4 | _aG 291 D568i |
| 100 | 1 | _aDiez de Velasco, Francisco | |
| 245 | 1 | 0 | _aIntroducción a la historia de las religiones / Francisco Diez de Velasco |
| 250 | _a3 ed. revisada y aumentada | ||
| 260 | _aMadid, España : Trotta | ||
| 300 | _a637 Pag | ||
| 001 | 8871 | ||
| 942 | _cBK | ||
| 999 |
_c38982 _d38982 |
||
| 336 |
_atexto _btxt _2rdacontent |
||
| 337 |
_2rdamedia _asin mediación _bn |
||
| 338 |
_2rdacarrier _avolumen _bnc |
||